000 01374cam a2200301 a 4500
001 11958630
003 OSt
005 20180117085951.0
008 000330s2000 enka b 001 0 eng
010 _a 00037515
020 _a0335203795 (pbk.)
040 _aDLC
_cDLC
_dDLC
050 0 0 _aBF76.5
_b.H39 2000
082 0 0 _a150/.7/2
_221
100 1 _aHayes, Nicky.
245 1 0 _aDoing psychological research :
_bgathering and analysing data /
_cNicky Hayes.
260 _aBuckingham ;
_aPhiladelphia, PA :
_bOpen University Press,
_c2000.
300 _axviii, 400 p. :
_bill. ;
_c25 cm.
504 _aIncludes bibliographical references (p. [387]-391) and index.
650 0 _aPsychology
_xResearch
_xMethodology.
856 4 2 _3Publisher description
_uhttp://www.loc.gov/catdir/description/mh051/00037515.html
856 4 2 _3Contributor biographical information
_uhttp://www.loc.gov/catdir/bios/mh051/00037515.html
856 4 1 _3Table of contents
_uhttp://www.loc.gov/catdir/toc/mh051/00037515.html
906 _a7
_bcbc
_corignew
_d1
_eocip
_f20
_gy-gencatlg
942 _2ddc
_cBK
999 _c2883
_d2883